Take Me Out, by Franz Ferdinand Lyrics - Statistics

General Stats
  • This quiz has been taken 79 times
  • The average score is 202 of 245
Answer Stats
Answer % Correct
I
100%
You
100%
you
100%
"You
100%
you)
100%
know
97%
know"
97%
me
95%
here
92%
a
90%
out"
90%
out
90%
"Take
90%
take
90%
Take
90%
if
87%
If
87%
wait
87%
"Don't
85%
don't
85%
Don't
85%
I'm
85%
just
85%
say
85%
you're
83%
for
82%
So
82%
waiting
80%
be
78%
lonely
78%
With
77%
(with
77%
won't
72%
leaving
70%
die
67%
To
67%
cross-hair
65%
can
63%
want
62%
And
60%
leave
60%
shot
60%
broken
57%
move
57%
lie
55%
shattered
55%
this
55%
time
55%
we
55%
could
53%
is
53%
show"
50%
then
48%
slow
45%
on
35%
Oh
30%
Come
22%
wane
22%
Eyes
17%
No matching quizzes found
Score Distribution
Percent of People with Each Score
Percentile by Number Answered
Your Score History
You have not taken this quiz